NFL General Trivia #1 - Statistics

General Stats
  • This quiz has been taken 236 times
  • The average score is 6 of 15
Answer Stats
Hint Answer % Correct
What NFL running back's nickname was "Sweetness?" Walter Payton
85%
What NFL team is the only team that does not have an owner? Green Bay Packers
80%
What Ravens running back was suspended indefinitely for assaulting his girlfriend in 2014? Ray Rice
63%
What NFL player was known as "The Fridge" William Perry
62%
Wide receiver Kenny Stills played for three different NFL teams. The Saints, the Dolphins, and what other team? Houston Texans
40%
Who was the highest paid player in the 2024 NFL season? Joe Burrow
35%
What college did Joe Flacco attend? Delaware
34%
After Lamar Jackson, what QB has the most rushing yards in one season? Justin Fields
34%
Who said "Water covers 2/3 of the Earth. I cover the rest." Deion Sanders
33%
Who was on the cover of Madden 12? Peyton Hillis
28%
Everyone knows Shaquem Griffin. Where did Shaquem Griffin's brother, Shaquill Griffin, play in the 2024 NFL season? Minnesota Vikings
27%
Who is SECOND in the Chicago Bears all-time rushing leaders? Matt Forte
22%
What NFL stadium has the highest capacity? MetLife
18%
What QB was nicknamed "The Hefty Lefty?" Mark Brunell
1%
Name an NFL team that has never had a #1 overall draft pick. Seahawks, Broncos, Ravens
0%
No matching quizzes found
Score Distribution
Percent of People with Each Score
Percentile by Number Answered
Your Score History
You have not taken this quiz